00973nam a2200229 a 450000100060000000300080000600500170001400800410003103500140007204000350008604100080012108200320012910000340016124501900019526000800038530000390046550200840050450400360058865000480062470000330067270000380070585237BD-RjUL20250717165251.0250717s2024 bg a|||| m||| 00| 0 eng d a(BD-RjUL) aBD-RjULbengcBD-RjULdBD-RjUL aeng 223a338.140954924bCHD 2024 aChowdhury, J. M. Adeeb Salman10aDrought characterization and agricultural adaptation in Northwest Bangladesh /cResearcher J. M. Adeeb Salman Chowdhury ;6Supervisor : Md. Kamruzzaman, Co-Supervisor : Md. Abdul Khalek aRajshahi :bInstitute of Bangladesh Studies, University of Rajshahi, c2024 axvii, 261 leaves :bill, ;c29.cm. aThesis (Ph.D.) -- Institute of Bangladesh Studies, University of Rajshahi, 2024 aBibliography : Leaves 156 - 164 aDroughtvAgriculturalzNorthwest Bangladesh aKamruzzaman, Md. Supervisor  aKhalek, Md. Abdul, Co-Supervisor